000 00587nam a2200217Ia 4500
003 OSt
005 20220926014112.0
006 a|||||r|||| 00| 0
007 ta
008 220923b |||||||| |||| 00| 0 eng d
037 _cGeneral Book
040 _aRTL
_cRTL
_beng
041 _2eng
_aeng
082 _aF.5.N6<--JOO, K4
100 _aHughes T P
245 0 _aDevelopment of western technology since 1500
260 _aNew York
_bMacmillan
_c1964
300 _a149p
_ccm.
942 _hF.5.N6<--JOO, K4
_cGB
_2CC
999 _c627852
_d627852